000 00452cam a2200193ua 4500
020 _c2.00
041 _ahin
_h
082 _a891.54
_bJAI/KA
100 _aJainendra, Kumar .
245 _aKalyani /
_cJainendra kumar.
_hTextual Documents
250 _a5 /
_b.
260 _a :
_bHindi grand ratnakar pvt ltd ,
_c1962.
300 _a152 ; .
365 _a2.00
504 _a
942 _cBK
999 _c8334
_d8334